000 01276nam a2200313 a 4500
001 BRCA_1307
005 20190320203352.0
008 940323s1989 mx-a---##b---#000-0#spa-#
040 _aDLC
_cDLC
041 _aengspa
050 4 _aND253
_b.G37 1989
100 1 _aGarcía Sáiz, María Concepción
_93999
245 1 0 _aLas castas mexicanas
_bun género pictórico americano = The Castes : A Genre of Mexican Painting
_cMaría Concepción García Sáiz ; prólogos de Diego Angula Iñiguez, Roberto Moreno de los Arcos, Miguel Angel Fernández; traducción Julia Escobar.
260 _a[Italia]
_bOlivetti
_c1989
300 _a253 p.
_bil. a color
_c31 cm.
500 _aCatálogo de la exposición realizada en el Museo de Monterrey (México), 1989
500 _aIncluye tabla taxonómica
504 _aBibliografía : p. 253
546 _aTexto en : inglés y español
650 1 4 _aPintura mexicana
_vCatálogos
_93411
650 1 4 _aPintura colonial
_vCatálogos
_zMéxico
_93412
650 1 4 _aRazas
_zMéxico
_94278
700 1 _aAngulo Iñiguez, Diego
_94279
700 1 _aMoreno de los Arcos, Roberto
_94280
700 1 _aFernández, Miguel Ángel
_94281
700 1 _aEscobar, Julia
_94282
740 0 _aThe Castes : A Genre of Mexican Painting
942 _2lcc
_cB
999 _c1173
_d1173